000 00320nam a2200121Ia 4500
008 190216s9999||||xx |||||||||||||| ||und||
100 _aAjit Pal
245 0 _aMicroprocessors Principles And Appplications
260 _bTata Mcgraw Hill Publishing Company Ltd
_c1990
300 _a332 p
650 _aComputer
942 _cBK
999 _c8456
_d8456